000 00486nam a2200181 a 4500
001 35955
005 20180714004416.0
008 140415s2000 000 0 spa d
020 _a9687813008
041 _aspa
082 _a372.372
_bMUS
100 1 _aMUSI, DAVID
245 1 3 _aLA AVENTURA DE TU VIDA
260 _a[s.l.] :
_bVALORES FAMILIARES,
_c2000
300 _a76
490 _aORBIS ESTELAR
650 1 4 _aEDUCACION PARA LA VIDA FAMILIAR
_xEDUCACION SEXUAL
999 _c35955
_d35955